Central Library OPAC University of Rajshahi

সাহিত্যের ভাষা : (Record no. 81956)

MARC details
000 -LEADER
fixed length control field 00847nam a2200229 a 4500
001 - CONTROL NUMBER
control field 81956
003 - CONTROL NUMBER IDENTIFIER
rucl marc code BD-RjUL
005 - DATE AND TIME OF LATEST TRANSACTION
control field 20230920140602.0
008 - FIXED-LENGTH DATA ELEMENTS--GENERAL INFORMATION
fixed length control field 230920s2010 ii ||||| |||| 00| 0 ben d
020 ## - INTERNATIONAL STANDARD BOOK NUMBER
International Standard Book Number 9788185479408
035 ## - SYSTEM CONTROL NUMBER
System control number (BD-RjUL)81956
040 ## - CATALOGING SOURCE
Original cataloging agency BD-RjUL
Language of cataloging eng
Transcribing agency BD-RjUL
041 ## - LANGUAGE CODE
Language code of text/sound track or separate title ben
082 ## - DEWEY DECIMAL CLASSIFICATION NUMBER
Edition number 23
Classification number 891.443
Author mark and year SIS 2010
100 ## - MAIN ENTRY--PERSONAL NAME
Personal name সিংহ, উদয় নারায়ণ
9 (RLIN) 9094
245 ## - TITLE STATEMENT
Title সাহিত্যের ভাষা :
Remainder of title ভাষার সাহিত্য /
Statement of responsibility, etc. উদয় নারায়ণ সিংহ
260 ## - PUBLICATION, DISTRIBUTION, ETC. (IMPRINT)
Place of publication, distribution, etc. কলকাতা :
Name of publisher, distributor, etc. অনুষ্টুপ,
Date of publication, distribution, etc. ২০১০
300 ## - PHYSICAL DESCRIPTION
Pagination ৩২০ পৃ.;
Size ২৪ সেমি.
650 ## - SUBJECT ADDED ENTRY--TOPICAL TERM
Topical term or geographic name as entry element বাংলা সাহিত্য
General subdivision উপন্যাস
9 (RLIN) 818
Topical term or geographic name as entry element Bengali Literature
General subdivision Novels
9 (RLIN) 9095
942 ## - ADDED ENTRY ELEMENTS (KOHA)
Source of classification or shelving scheme Dewey Decimal Classification
Koha item type Books
Holdings
Lost status Source of classification or shelving scheme Damaged status Not for loan Collection code Permanent Location Current Location Shelving location Date acquired Source of acquisition Cost, normal purchase price Total Checkouts Full call number Date last seen Copy number Koha item type
  Dewey Decimal Classification   Not For Loan Fiction Central Library, University of Rajshahi Central Library, University of Rajshahi Reading Room 08/08/2023 Dhaka: Omni Concept 500.00   B 891.443 SIS 2010 20/09/2023 C-1 Books
  Dewey Decimal Classification     Fiction Central Library, University of Rajshahi Central Library, University of Rajshahi General Stacks 08/08/2023 Dhaka: Omni Concept 500.00   B 891.443 SIS 2010 20/09/2023 C-2 Books
  Dewey Decimal Classification     Fiction Central Library, University of Rajshahi Central Library, University of Rajshahi General Stacks 28/02/2024 Dhaka : Book Finder 694.00   B 891.443 SIS 2010 04/03/2024 C-3 Books
  Dewey Decimal Classification     Fiction Central Library, University of Rajshahi Central Library, University of Rajshahi General Stacks 28/02/2024 Dhaka : Book Finder 694.00   B 891.443 SIS 2010 04/03/2024 C-4 Books
  Dewey Decimal Classification     Fiction Central Library, University of Rajshahi Central Library, University of Rajshahi General Stacks 28/02/2024 Dhaka : Book Finder 694.00   B 891.443 SIS 2010 04/03/2024 C-5 Books
  Dewey Decimal Classification     Fiction Central Library, University of Rajshahi Central Library, University of Rajshahi General Stacks 01/03/2026 Omni Concept, Dhaka 875.00   B 891.443 SIS 2010 02/03/2026 C-6 Books
  Dewey Decimal Classification     Fiction Central Library, University of Rajshahi Central Library, University of Rajshahi General Stacks 01/03/2026 Omni Concept, Dhaka 875.00   B 891.443 SIS 2010 02/03/2026 C-7 Books
  Dewey Decimal Classification     Fiction Central Library, University of Rajshahi Central Library, University of Rajshahi General Stacks 01/03/2026 Omni Concept, Dhaka 875.00   B 891.443 SIS 2010 02/03/2026 C-8 Books
  Dewey Decimal Classification     Fiction Central Library, University of Rajshahi Central Library, University of Rajshahi General Stacks 01/03/2026 Omni Concept, Dhaka 875.00   B 891.443 SIS 2010 02/03/2026 C-9 Books
  Dewey Decimal Classification     Fiction Central Library, University of Rajshahi Central Library, University of Rajshahi General Stacks 01/03/2026 Omni Concept, Dhaka 875.00   B 891.443 SIS 2010 02/03/2026 C-10 Books